000 00404cam a2200169 4500
001 D12466
008 090401t1905 xxu||||| |||| 00| 0 eng d
035 _a(Sirsi) u3672
041 _aeng
100 _aCooper, Fred W
245 _aCompensation under the Licensing Act, 1904
260 _aManchester
_bFred W Cooper
_c1905
350 _a0
520 _aShelf 178
942 _n0
948 _c04/03/1997
999 _c85919
_d85919